000 00586nam a2200181 a 4500
008 120416s1991 ||||||||||||||||| || u
020 _a0814459412
050 _aHD 69.C6 Coh
100 _aCohen, William A
245 1 0 _aHow to make it big as a consultant
250 _a2nd ed.
260 _aNew York
_bAMACOM
_c1991
300 _axiii, 319p. : ill.
350 _a0.00
650 0 _aMANAGEMENT
650 _aCONSULTANTS
995 _D0.00
_FCBU-MAIN LIBRARY (Kitwe)
_H1
_I24.95
_M1
_UAVAILABLE
_ZMain Library Open Access Collection
999 _c45817
_d45817